000 00295nam a22001337a 4500
008 171023b xxu||||| |||| 00| 0 eng d
020 _a9780534377557
041 _aeng
080 _a311
100 _a55
101 _aSTA
245 _aINTRODUCTION STATISTICS
_cWOODBURY.G
942 _2udc
_cBK
999 _c35504
_d35504